| 000 | 00535cam a2200193 4500 | ||
|---|---|---|---|
| 001 | D7954 | ||
| 008 | 090401t1980 xxu||||| |||| 00| 0 eng d | ||
| 035 | _a(Sirsi) u10291 | ||
| 041 | _aeng | ||
| 050 | _a338.4369 | ||
| 100 | _aPowell, G.G. | ||
| 245 | 3 | _aAn economic history of the British building industry 1815 - 1979 | |
| 260 |
_aLondon _bArchitectural Press _c1980 |
||
| 300 | _aix. 211p. ill. 24cm | ||
| 350 | _a17.95 | ||
| 520 | _aThe paperback edition is published by Methuen at 4.95 | ||
| 942 | _n0 | ||
| 948 | _c04/03/1997 | ||
| 999 |
_c86723 _d86723 |
||